000 00674nas a2200217 4500
001 BR7305265
003 BR-BrBNA
005 20231205082517.0
007 ta
008 230509b bl.|||p| |||| 00| 00por d
040 _aBR-BrBNA
_bpor
_cBiblioteca Nacional de Agricultura
041 _a(Pt)
072 _aL72; L73
100 1 _aAnon.
245 1 _aQuerem exterminar capivaras em defesa do rebanho equino [Equus caballus, Anemia infecciosa]
650 _aCAVALO
650 _aANEMIA INFECCIOSA
773 0 _tAgricultura e Pecuaria (Brazil)
_xISSN 0100-249X
_g(Jun 1976), (no. 611) p. 40-41
_wBR7305265
909 _a202311
_bLúcia
_c55
_dLúcia Elande
942 _2AGRIS
_n0
_cANA
999 _c92425
_d92425